| 000 | 00880nam a2200253Ia 4500 | ||
|---|---|---|---|
| 003 | OSt | ||
| 005 | 20220930092134.0 | ||
| 006 | a|||||r|||| 00| 0 | ||
| 007 | ta | ||
| 008 | 220926b |||||||| |||| 00| 0 eng d | ||
| 024 | _a12418 | ||
| 037 | _cTheses | ||
| 040 |
_aCRL _cCRL _beng |
||
| 041 |
_2eng _aeng |
||
| 100 | _aGupta Ruchi | ||
| 110 |
_aUniversity of Delhi. Faculty of Medical Sciences. Department of Genetics _9547945 |
||
| 245 | 0 |
_aAntimicrobial peptides LR14 (AMPs LR14) produced by lactobacillus plantarum LR/14 _b Mode of action, inhibition spectrum and their application |
|
| 260 | _c2012 | ||
| 650 | _aGENETICS | ||
| 700 |
_a Prof. Sheela Srivastava Gu. _9532283 |
||
| 700 |
_aUniversity of Delhi. Faculty of Medical Sciences. Department of Genetics _9547946 |
||
| 942 |
_cDIS _2CC |
||
| 999 |
_c883293 _d883293 |
||